| 000 | 01096nam a22002777a 4500 | ||
|---|---|---|---|
| 999 |
_c46861 _d46861 |
||
| 001 | 20510 | ||
| 003 | CO-MdFUSB | ||
| 005 | 20180622073205.0 | ||
| 008 | 160907t1991 xxu||||| |||| 00| 0 eng d | ||
| 020 | _a0-8006-2491-2 | ||
| 040 |
_aCO-MdFUSB _bEspañol _cCO-MdFUSB _dCO-MdFUSB _erda |
||
| 041 | _aeng | ||
| 082 |
_224 _aG 226.307 _bF785l |
||
| 100 | 1 |
_aFowler, Robert M. _eautor |
|
| 245 | 1 | 0 |
_aLet the reader understand : _bReader-response criticism and the gospel of Mark / _cRobert M. Fowler |
| 264 | 4 |
_aMinneapolis, Minnesota : _bFortress Press, _c©1991 |
|
| 300 | _axiii, 279 páginas | ||
| 336 |
_2rdacontent _atexto _btxt |
||
| 337 |
_2rdamedia _asin mediación _bn |
||
| 338 |
_2rdacarrier _avolumen _bnc |
||
| 500 | _aIncluye índice (P. 267-279) Pasta dura | ||
| 501 | _aLa experiencia de la lectura del evangelio de Marcos -- Un modelo de crítica de la lectura y la respuesta de los lectores -- Comentario por el narrador en el evangelio de Marcos -- La historia de la lectura de Marcos | ||
| 653 | _aNuevo Testamento - Marcos | ||
| 653 | _aEvangelios - Marcos | ||
| 942 | _cBK | ||